00311nam a2200109Ia 4500008004100000041000800041100002000049245005800069260003500127300000800162700003100170250110s9999 xx 000 0 und d aeng aSatpute Sheetal aInternational Convention And Exhibition Centre Nashik bFinal Year B. Arch, BNCAc2014 a76p aGuide Name:Anagal Vaishali